Hóa lý

Guardat en:
Dades bibliogràfiques
Autor principal: Trần Văn Nhân
Format: Llibre
Idioma:Undetermined
Publicat: H. Giáo Dục 1998
Matèries:
Etiquetes: Afegir etiqueta
Sense etiquetes, Sigues el primer a etiquetar aquest registre!
Thư viện lưu trữ: Trung tâm Học liệu Trường Đại học Cần Thơ
LEADER 00455nam a2200169Ia 4500
001 CTU_41497
008 210402s9999 xx 000 0 und d
082 |a 541.3 
082 |b Nh121/T1 
100 |a Trần Văn Nhân 
245 0 |a Hóa lý 
245 0 |c Trần Văn Nhân 
260 |a H. 
260 |b Giáo Dục 
260 |c 1998 
650 |a chemistry, physical and theoretical 
980 |a Trung tâm Học liệu Trường Đại học Cần Thơ